BTS Quiz - Statistics

General Stats
  • This quiz has been taken 209 times
  • The average score is 16 of 28
Answer Stats
Hint Answer % Correct
What is the fandom's name? ARMY
96%
Jungkook's Name Jeon Jungkook
95%
RM's Name Kim Namjoon
95%
How does the fanchant go? Kim NamjoonKim Seokjin Min Yoongi Jung Hoseok Park Jimin Kim Taehyung Jeon Jungkook
95%
Jimin's Name Park Jimin
95%
Suga's Name Min Yoongi
94%
Who just went to the military? Jin
93%
V's Name Kim Taehyung
93%
J-Hope's Name Jung Hoseok
91%
Jin's Name Kim Seokjin
90%
Where are they from? South Korea
86%
What is the name of their company? BigHit
85%
When did BTS debut? 2013
70%
What was Jungkook's song for the FIFA World Cup? Dreamers
70%
What group are they? K-Pop
69%
What is the name of Taehyung's dog? Kim Yeontan
60%
What is the name of Jungkook's dog? Jeon Bam
59%
What is their most popular song? Butter
58%
What does BTS stand for? Bangtan Sonyeondan
56%
What was Jin's last song before the military? Astronaut
26%
What is their first #1 hit? Blood, Sweat, & Tears
4%
Where was V born? Bisan-dong
3%
Where was RM born? Dongjak-gu
3%
Where was Jimin born? Hoedong-dong
3%
Where was Jungkook born? Mandeok-dong
3%
Where was Suga born? Taejeon-dong
2%
Where was Jin born? Gwacheon-si
1%
Where was J-Hope born? Ilgok-dong
1%
No matching quizzes found
Score Distribution
Percent of People with Each Score
Percentile by Number Answered
Your Score History
You have not taken this quiz